| 000 | 00428nam a2200181Ia 4500 | ||
|---|---|---|---|
| 001 | 4975 | ||
| 005 | 20260306145834.0 | ||
| 008 | 260306t2005||||xx |||||||||||||| ||spa|| | ||
| 041 | _aESP | ||
| 082 |
_a332.15 _bM26 |
||
| 100 |
_aMarcuse, Robert _eAUT |
||
| 245 | 0 | _aOperaciones bancarias internacionales | |
| 260 | _c2005 | ||
| 300 |
_a149 páginas : _c24 cm. |
||
| 650 | _aGEN | ||
| 654 | _aCAN | ||
| 942 |
_cLIB _dJUS _fJUS _2ddc _n |
||
| 999 |
_c4975 _d4975 |
||